|
|
|
|
| LEADER |
00000nab a2200000 a 4500 |
| 001 |
vtls000658759 |
| 003 |
SK-MaSNL |
| 005 |
20260304092309.0 |
| 008 |
250425c1997 xo 0 slo |
| 015 |
|
|
|a SNBRB1998/04-08897
|
| 035 |
|
|
|a CLN000010951
|
| 035 |
|
|
|a urn:nbn:sk:snk-abaipf
|
| 035 |
|
|
|a (urnnbn)urn:nbn:sk:snk:ar-008i3a
|
| 035 |
|
|
|a (uuid)1096516c-2188-4f34-a779-86ff8fcf0ca7
|
| 040 |
|
|
|a SNKBUCL
|b slo
|c SNKBUCL
|e AACR2
|
| 041 |
0 |
|
|a cze
|
| 044 |
|
|
|a xo
|c SK
|
| 080 |
|
|
|a 613.88:061.3
|2 1997
|
| 080 |
|
|
|a 616.89-008.442:061.3
|2 1997
|
| 100 |
1 |
|
|a Procházka, Ivo
|4 aut
|9 451748
|
| 245 |
1 |
0 |
|a 9. Bohnické sexuologické dny
|b (Praha, 27.-28. února 1997)
|c Ivo Procházka, Slavoj Brichcín
|
| 246 |
1 |
3 |
|a Deváté Bohnické sexuologické dny
|
| 611 |
1 |
7 |
|a Bohnické sexuologické dny
|n 9.
|d 1997
|c Bohnice, Česko
|2 snkbucl
|9 1385895
|
| 648 |
|
7 |
|a 1997
|2 SNK
|9 283446
|
| 650 |
0 |
7 |
|a sexuológia
|2 SNKPH
|9 21878
|
| 655 |
|
7 |
|a články z novín a časopisov
|2 SNK
|9 267496
|
| 700 |
1 |
|
|a Brichcín, Slavoj,
|d 1935-
|4 aut
|9 110619
|
| 773 |
0 |
|
|t Česká a slovenská psychiatrie
|g Roč. 93, č. 5 (1997), s. 292-293
|x 0069-2336
|
| 850 |
|
|
|a Slovenská národná knižnica
|
| 852 |
|
|
|a Slovenská národná knižnica
|
| 954 |
|
|
|a odborná, vedecká literatúra cudzojazyčná (svetová)
|2 lita
|
| 958 |
|
|
|a article14
|
| 958 |
|
|
|a OND
|
| 958 |
|
|
|a EUIPO
|
| 999 |
|
|
|c 2818615
|d 2820545
|